Statistiche per Sandro Pertini

Clicka qui per fare il quiz!

Statistiche generali

  • Questo quiz è stato fatto 10 volte
  • Il punteggio medio è 3 su 5

Statistiche sulle risposte

AnniCarica ricoperta% Corretto
1978-1985Presidente della Repubblica
100%
1953-1978Deputato
90%
1985-1990Senatore a vita
70%
1968-1976Presidente della Camera dei deputati
50%
1946-1948Deputato dell'Assemblea Costituente
20%

Distribuzione punteggi

Percentile per numero di risposta

Percentuale di utenti per punteggio

I tuoi punteggi nel tempo

Non hai fatto questo quiz